000 00892nam a2200253Ia 4500
003 OSt
005 20221005113118.0
006 a|||||r|||| 00| 0
007 ta
008 221004b |||||||| |||| 00| 0 pan d
020 _c165
024 _a106215
037 _b507, 02/02/2011, H.K. Prakashan
_cTextual
040 _aCRL
_cCRL
_bpan
041 _2pan
_apan
082 _aO153:g, P2
100 _aਥਿੰਦ, ਸੁਖਪਾਲ ਸਿੰਘ
245 0 _aਬਿਰਤਾਂਤ ਾਸਤਰ
_b ਉਤਰ ਆਧੁਨਿਕ ਪਰਿਪੇਖ
260 _aਦਿੱਲੀ
_bਮਨਪ੍ਰੀਤ ਪ੍ਰਕਾਨ ਭਾਰਤ
_c2002
300 _a143ਪੰ
_ccm.
650 _aਪੰਜਾਬੀ ਸਾਹਿਤ
942 _hO153:g, P2
_cTEXL
_2cc
999 _c1027093
_d1027093